[Event "Benedictine International 6th"]
[Site "Manchester"]
[Date "1983.09.11"]
[Round "5"]
[White "Bass, Leonid"]
[Black "Laird, Craig"]
[Result "1-0"]
[WhiteElo "2460"]
[BlackElo "2310"]
[PlyCount "69"]
[EventDate "1983.09.07"]
[EventType "swiss"]
[EventRounds "9"]
[EventCountry "ENG"]
[SourceTitle "BritBase"]
[Source "John Saunders"]
[SourceDate "2020.09.07"]
[SourceVersion "1"]
[SourceVersionDate "2020.09.07"]
[SourceQuality "2"]

1. d4 Nf6 2. c4 c6 3. Nc3 d6 4. e4 e5 5. Nf3 Nbd7 6. Be2 Be7 7. O-O O-O 8. Qc2
Re8 9. Rd1 Qc7 10. Rb1 a5 11. b3 Nf8 12. d5 Bg4 13. Ne1 Bd7 14. Be3 Ng4 15.
Bxg4 Bxg4 16. f3 Bd7 17. Nd3 Rec8 18. Qd2 Qd8 19. c5 Ng6 20. Rbc1 Qf8 21. Na4
Bd8 22. Ndb2 cxd5 23. Qxd5 Bxa4 24. Nxa4 dxc5 25. Qxb7 Rab8 26. Qa6 Be7 27.
Qxa5 c4 28. Nb6 Bb4 29. Qd5 Rxb6 30. Bxb6 Nf4 31. Qxe5 Ne2+ 32. Kh1 Nxc1 33.
Rxc1 c3 34. a3 Bc5 35. Qxc3 {Source: Bulletin 1983} 1-0

[Event "Benedictine International 6th"]
[Site "Manchester"]
[Date "1983.09.11"]
[Round "5"]
[White "Forintos, Gyozo V"]
[Black "Thipsay, Praveen Mahadeo"]
[Result "0-1"]
[WhiteElo "2450"]
[BlackElo "2425"]
[PlyCount "92"]
[EventDate "1983.09.07"]
[EventType "swiss"]
[EventRounds "9"]
[EventCountry "ENG"]
[SourceTitle "BritBase"]
[Source "John Saunders"]
[SourceDate "2020.09.07"]
[SourceVersion "1"]
[SourceVersionDate "2020.09.07"]
[SourceQuality "2"]

1. d4 Nf6 2. c4 g6 3. Nc3 d5 4. Nf3 Bg7 5. Bg5 Ne4 6. Bh4 Nxc3 7. bxc3 dxc4 8.
Qa4+ c6 9. Qxc4 Qa5 10. e3 Nd7 11. Be2 Nb6 12. Qb4 Qxb4 13. cxb4 Nd5 14. a3 O-O
15. Bc4 Re8 16. O-O Nb6 17. Bb3 h6 18. Bg3 Bf5 19. Rfc1 Rac8 20. a4 Be4 21. Nd2
Bd5 22. Bxd5 cxd5 23. Rc5 e6 24. Kf1 Nd7 25. Rcc1 e5 26. dxe5 Nxe5 27. Rab1 Nd3
28. Rxc8 Rxc8 29. b5 Nb2 30. a5 Rc5 31. Bb8 Rxb5 32. Bxa7 Rxa5 33. Bd4 Bxd4 34.
exd4 Ra2 35. Rc1 Nd3 36. Rc8+ Kg7 37. Ke2 Nf4+ 38. Kd1 Nxg2 39. Rc7 Rb2 40. Rd7
Nf4 41. Nf3 Rxf2 42. Ne5 Ne6 43. Ke1 Rf5 44. Rxb7 Nxd4 45. Nd3 Nf3+ 46. Kd1
Nxh2 {Source: Bulletin 1983} 0-1

[Event "Benedictine International 6th"]
[Site "Manchester"]
[Date "1983.09.11"]
[Round "5"]
[White "Hebden, Mark L"]
[Black "Ivkov, Borislav"]
[Result "1/2-1/2"]
[WhiteElo "2495"]
[BlackElo "2465"]
[PlyCount "71"]
[EventDate "1983.09.07"]
[EventType "swiss"]
[EventRounds "9"]
[EventCountry "ENG"]
[SourceTitle "BritBase"]
[Source "John Saunders"]
[SourceDate "2020.09.07"]
[SourceVersion "1"]
[SourceVersionDate "2020.09.07"]
[SourceQuality "2"]

1. e4 e6 2. Nc3 d5 3. d4 Bb4 4. e5 c5 5. Qg4 Ne7 6. Nf3 Nf5 7. Bd3 h5 8. Qf4
Nxd4 9. Nxd4 cxd4 10. O-O dxc3 11. Qxb4 Nc6 12. Qxc3 Qa5 13. Qxa5 Nxa5 14. Re1
Bd7 15. Bg5 a6 16. a4 Rc8 17. h4 Nc6 18. Bd2 f6 19. f4 Kf7 20. Bc3 Rc7 21. Re2
Rhc8 22. Rf2 Ne7 23. Bd4 b5 24. exf6 gxf6 25. a5 Rg8 26. Kh2 Rc6 27. b4 Nc8 28.
Bc5 Nd6 29. Bxd6 Rxd6 30. Rd1 Ke7 31. Re1 Be8 32. g3 Bf7 33. Kh3 Rc6 34. Rg2
Rcc8 35. g4 hxg4+ 36. Rxg4 {Source: Bulletin 1983} 1/2-1/2

[Event "Benedictine International 6th"]
[Site "Manchester"]
[Date "1983.09.11"]
[Round "5"]
[White "Hodgson, Julian M"]
[Black "Kudrin, Sergey"]
[Result "0-1"]
[WhiteElo "2385"]
[BlackElo "2510"]
[PlyCount "66"]
[EventDate "1983.09.07"]
[EventType "swiss"]
[EventRounds "9"]
[EventCountry "ENG"]
[SourceTitle "BritBase"]
[Source "John Saunders"]
[SourceDate "2020.09.07"]
[SourceVersion "1"]
[SourceVersionDate "2020.09.07"]
[SourceQuality "2"]

1. e4 c5 2. f4 d5 3. exd5 Qxd5 4. Nc3 Qd8 5. Nf3 g6 6. Ne5 Bg7 7. Bb5+ Bd7 8.
Qf3 Qc8 9. Qd5 e6 10. Qd6 a6 11. Bxd7+ Nxd7 12. Ne4 Ngf6 13. Ng5 Nxe5 14. fxe5
Ng4 15. d4 cxd4 16. O-O Nxe5 17. Ne4 Qc6 18. Bg5 Qxd6 19. Nxd6+ Kd7 20. Nxb7
Rhc8 21. c3 Rab8 22. cxd4 Rxb7 23. dxe5 Ke8 24. Bf6 Bxf6 25. exf6 Rxb2 26. Rac1
Rxc1 27. Rxc1 Kd7 28. Rd1+ Kc7 29. a3 Rb3 30. Kf2 Rxa3 31. g4 g5 32. Rd4 Rh3
33. Kg2 Rh6 {Source: Bulletin 1983} 0-1

[Event "Benedictine International 6th"]
[Site "Manchester"]
[Date "1983.09.11"]
[Round "5"]
[White "Knox, Victor W"]
[Black "Ciric, Dragoljub M"]
[Result "1/2-1/2"]
[WhiteElo "2320"]
[BlackElo "2410"]
[PlyCount "58"]
[EventDate "1983.09.07"]
[EventType "swiss"]
[EventRounds "9"]
[EventCountry "ENG"]
[SourceTitle "BritBase"]
[Source "John Saunders"]
[SourceDate "2020.09.07"]
[SourceVersion "1"]
[SourceVersionDate "2020.09.07"]
[SourceQuality "2"]

1. e4 c6 2. d4 d5 3. Nc3 dxe4 4. Nxe4 Nf6 5. Nxf6+ gxf6 6. c3 Bf5 7. Nf3 Qc7 8.
g3 Nd7 9. Bg2 Bg4 10. O-O e6 11. c4 O-O-O 12. Qa4 a6 13. Be3 Bxf3 14. Bxf3 h5
15. b4 h4 16. b5 Nb6 17. Qb3 hxg3 18. fxg3 axb5 19. cxb5 Bd6 20. bxc6 Bxg3 21.
cxb7+ Kb8 22. hxg3 Qxg3+ 23. Bg2 Qh2+ 24. Kf2 Rh3 25. Rh1 Qg3+ 26. Kf1 Rxh1+
27. Bxh1 Rh8 28. Bc6 Nd5 29. Bxd5 exd5 {Source: Bulletin 1983} 1/2-1/2

[Event "Benedictine International 6th"]
[Site "Manchester"]
[Date "1983.09.11"]
[Round "5"]
[White "Kraidman, Yair"]
[Black "Hebert, Jean"]
[Result "0-1"]
[WhiteElo "2410"]
[BlackElo "2430"]
[PlyCount "82"]
[EventDate "1983.09.07"]
[EventType "swiss"]
[EventRounds "9"]
[EventCountry "ENG"]
[SourceTitle "BritBase"]
[Source "John Saunders"]
[SourceDate "2020.09.07"]
[SourceVersion "1"]
[SourceVersionDate "2020.09.07"]
[SourceQuality "2"]

1. d4 Nf6 2. c4 e6 3. Nc3 Bb4 4. e3 Bxc3+ 5. bxc3 c5 6. f4 d5 7. Nf3 Nc6 8. Bd3
Qa5 9. Bd2 Qc7 10. Qe2 O-O 11. O-O Ne4 12. f5 Nxd2 13. Nxd2 exf5 14. cxd5 Ne7
15. c4 b6 16. dxc5 Qxc5 17. Nb3 Qd6 18. Nd4 g6 19. Rac1 Bd7 20. e4 fxe4 21.
Bxe4 Rae8 22. Qf2 Nc8 23. Bf3 Re5 24. Nb3 Qa3 25. c5 Bb5 26. Rfd1 bxc5 27. Qxc5
Qxc5+ 28. Rxc5 Nd6 29. Nd4 a6 30. Rc7 Ba4 31. Rdc1 Ree8 32. Nc6 Re3 33. Nb4 Bb5
34. a4 Bxa4 35. Nxa6 Rfe8 36. Kf2 Rd3 37. Nc5 Rd2+ 38. Kg3 Bb5 39. Nb7 Nf5+ 40.
Kh3 Re3 41. R1c3 Rd4 {Source: Bulletin 1983} 0-1

[Event "Benedictine International 6th"]
[Site "Manchester"]
[Date "1983.09.11"]
[Round "5"]
[White "Lane, Gary William"]
[Black "Bilek, Istvan"]
[Result "1/2-1/2"]
[WhiteElo "2270"]
[BlackElo "2405"]
[PlyCount "49"]
[EventDate "1983.09.07"]
[EventType "swiss"]
[EventRounds "9"]
[EventCountry "ENG"]
[SourceTitle "BritBase"]
[Source "John Saunders"]
[SourceDate "2020.09.07"]
[SourceVersion "1"]
[SourceVersionDate "2020.09.07"]
[SourceQuality "2"]

1. e4 c5 2. Nc3 g6 3. g3 Bg7 4. Bg2 Nc6 5. d3 d6 6. f4 e6 7. Nf3 Nge7 8. O-O
O-O 9. Be3 Nd4 10. Rb1 b6 11. Ne2 Nxf3+ 12. Bxf3 Bb7 13. c3 Qd7 14. d4 Rad8 15.
Qc1 f5 16. e5 Bxf3 17. Rxf3 dxe5 18. fxe5 cxd4 19. cxd4 Nd5 20. Qd2 Rc8 21.
Rff1 Rc2 22. Qxc2 Nxe3 23. Qb3 Nxf1 24. Rxf1 Bh6 25. Rd1 {Source: Bulletin 1983
} 1/2-1/2

[Event "Benedictine International 6th"]
[Site "Manchester"]
[Date "1983.09.11"]
[Round "5"]
[White "Lawton, Geoffrey W"]
[Black "Tisdall, Jonathan D"]
[Result "0-1"]
[WhiteElo "2380"]
[BlackElo "2420"]
[PlyCount "84"]
[EventDate "1983.09.07"]
[EventType "swiss"]
[EventRounds "9"]
[EventCountry "ENG"]
[SourceTitle "BritBase"]
[Source "John Saunders"]
[SourceDate "2020.09.07"]
[SourceVersion "1"]
[SourceVersionDate "2020.09.07"]
[SourceQuality "2"]

1. e4 c5 2. Nf3 e6 3. d4 cxd4 4. Nxd4 Nf6 5. Bd3 d6 6. c4 a6 7. O-O g6 8. Nc3
Bg7 9. Be3 O-O 10. f3 Nbd7 11. Nc2 Qc7 12. Rc1 b6 13. Rf2 Bb7 14. Bf1 Rfe8 15.
Rd2 Bf8 16. Ne1 Rac8 17. Rdc2 Qb8 18. Bf2 Bh6 19. Rb1 Ne5 20. b3 Nfd7 21. Nd3
Nc6 22. Kh1 Bg7 23. Ne2 Qa8 24. Bg3 Nde5 25. a3 Rcd8 26. Bh4 Rd7 27. Nxe5 Nxe5
28. Rd2 d5 29. exd5 exd5 30. cxd5 Bxd5 31. Bg3 Red8 32. Qc2 Bxb3 33. Qxb3 Rxd2
34. Qxb6 Qc6 35. Qb3 R2d3 36. Qb4 Bf8 37. Qe1 Nd7 38. Nf4 Rc3 39. Rd1 Rc8 40.
Ne2 Rxa3 41. Nd4 Qc3 42. Qe4 Ra1 {Source: Bulletin 1983} 0-1

[Event "Benedictine International 6th"]
[Site "Manchester"]
[Date "1983.09.11"]
[Round "5"]
[White "Morrison, Chris"]
[Black "Plaskett, H James"]
[Result "0-1"]
[WhiteElo "2210"]
[BlackElo "2425"]
[PlyCount "92"]
[EventDate "1983.09.07"]
[EventType "swiss"]
[EventRounds "9"]
[EventCountry "ENG"]
[SourceTitle "BritBase"]
[Source "John Saunders"]
[SourceDate "2020.09.07"]
[SourceVersion "1"]
[SourceVersionDate "2020.09.07"]
[SourceQuality "2"]

1. e4 c5 2. Nc3 Nc6 3. g3 e6 4. Bg2 Nf6 5. Nh3 Be7 6. O-O O-O 7. d3 d5 8. exd5
exd5 9. Nf4 Bg4 10. Qd2 d4 11. Ncd5 Ne5 12. Nxf6+ Bxf6 13. f3 Bd7 14. Nd5 Bc6
15. Nxf6+ Qxf6 16. f4 Ng4 17. Bxc6 bxc6 18. Qe2 h5 19. Re1 c4 20. h3 Ne3 21.
Bxe3 dxe3 22. Qxe3 Qxb2 23. dxc4 Qxc2 24. Qb3 Qf5 25. Kg2 Rad8 26. Rad1 Rxd1
27. Qxd1 Rb8 28. Qd2 h4 29. g4 Qc5 30. Qc3 Rd8 31. Re5 Qd6 32. Qe3 Qb8 33. Kf3
c5 34. g5 Qc8 35. f5 Qc6+ 36. Qe4 Qa4 37. Qe2 Qd7 38. g6 fxg6 39. Rd5 Qc8 40.
Qe6+ Kh7 41. Qxg6+ Kh8 42. Qh5+ Kg8 43. Kf4 Qb8+ 44. Ke4 Re8+ 45. Kd3 Qb1+ 46.
Kd2 Qe1+ {Source: Bulletin 1983} 0-1

[Event "Benedictine International 6th"]
[Site "Manchester"]
[Date "1983.09.11"]
[Round "5"]
[White "Razuvaev, Yuri S"]
[Black "Gutman, Lev"]
[Result "1-0"]
[WhiteElo "2525"]
[BlackElo "2440"]
[PlyCount "67"]
[EventDate "1983.09.07"]
[EventType "swiss"]
[EventRounds "9"]
[EventCountry "ENG"]
[SourceTitle "BritBase"]
[Source "John Saunders"]
[SourceDate "2020.09.07"]
[SourceVersion "1"]
[SourceVersionDate "2020.09.07"]
[SourceQuality "2"]

1. d4 Nf6 2. c4 g6 3. Nc3 d5 4. cxd5 Nxd5 5. e4 Nxc3 6. bxc3 Bg7 7. Bc4 c5 8.
Ne2 O-O 9. O-O Nc6 10. Be3 Qc7 11. Rc1 Rd8 12. Bf4 Qd7 13. d5 Na5 14. Bb3 Qe8
15. c4 e5 16. Ba4 Qe7 17. Bd2 b6 18. Bxa5 bxa5 19. Rb1 Ba6 20. Bb5 Bb7 21. Qa4
Qc7 22. Bc6 Bxc6 23. dxc6 Rac8 24. Nc3 Qxc6 25. Qxc6 Rxc6 26. Nd5 Bf8 27. Rb7
Ra6 28. a4 Bd6 29. Rfb1 Kg7 30. R1b3 Kg8 31. g4 h6 32. Rf3 f5 33. gxf5 Rf8 34.
Rg3 {Source: Bulletin 1983} 1-0

[Event "Benedictine International 6th"]
[Site "Manchester"]
[Date "1983.09.11"]
[Round "5"]
[White "Tangborn, Eric"]
[Black "Ravikumar, Vaidyanathan"]
[Result "0-1"]
[WhiteElo "2290"]
[BlackElo "2390"]
[PlyCount "64"]
[EventDate "1983.09.07"]
[EventType "swiss"]
[EventRounds "9"]
[EventCountry "ENG"]
[SourceTitle "BritBase"]
[Source "John Saunders"]
[SourceDate "2020.09.07"]
[SourceVersion "1"]
[SourceVersionDate "2020.09.07"]
[SourceQuality "2"]

1. c4 e5 2. Nc3 Bb4 3. Qc2 Nf6 4. Nf3 Nc6 5. e3 O-O 6. Nd5 d6 7. a3 Ba5 8. b4
Bb6 9. Nxb6 axb6 10. Bb2 e4 11. Nd4 Ne5 12. f4 exf3 13. Nxf3 Nfg4 14. Be2 Nxf3+
15. Bxf3 Qh4+ 16. g3 Qh3 17. Qe4 c5 18. b5 Be6 19. Qxb7 Bxc4 20. Qe4 Be6 21.
Qf4 Rad8 22. Bc6 f6 23. d4 Bb3 24. Kd2 cxd4 25. exd4 Ne5 26. Qf1 Qh6+ 27. Qf4
Qh5 28. g4 Qf7 29. Rac1 Bd5 30. Rhf1 Nc4+ 31. Kc2 Na5 32. Kd2 Nb3+ {Source:
Bulletin 1983} 0-1

[Event "Benedictine International 6th"]
[Site "Manchester"]
[Date "1983.09.12"]
[Round "6"]
[White "Bilek, Istvan"]
[Black "Davies, Nigel Rodney"]
[Result "1-0"]
[WhiteElo "2405"]
[BlackElo "2375"]
[PlyCount "61"]
[EventDate "1983.09.07"]
[EventType "swiss"]
[EventRounds "9"]
[EventCountry "ENG"]
[SourceTitle "BritBase"]
[Source "John Saunders"]
[SourceDate "2020.09.07"]
[SourceVersion "1"]
[SourceVersionDate "2020.09.07"]
[SourceQuality "2"]

1. Nf3 g6 2. g3 Bg7 3. Bg2 c5 4. O-O Nc6 5. e4 d6 6. d3 e5 7. Nc3 Nge7 8. Nd2
Nd4 9. Nc4 h5 10. Ne3 h4 11. Ncd5 Nxd5 12. Nxd5 Be6 13. c3 Nc6 14. Qe2 Bxd5 15.
exd5 Ne7 16. Rb1 a5 17. a3 hxg3 18. fxg3 O-O 19. g4 f5 20. gxf5 gxf5 21. Kh1 f4
22. Be4 Nf5 23. Qg4 Qd7 24. Bxf4 Ng3+ 25. Qxg3 Rxf4 26. Rxf4 exf4 27. Qxf4 Rf8
28. Qh4 Rf6 29. Rg1 Qf7 30. Qh3 b6 31. Bh7+ {Source: Bulletin 1983} 1-0

[Event "Benedictine International 6th"]
[Site "Manchester"]
[Date "1983.09.12"]
[Round "6"]
[White "Ciric, Dragoljub M"]
[Black "Regan, Kenneth"]
[Result "1-0"]
[WhiteElo "2410"]
[BlackElo "2435"]
[PlyCount "41"]
[EventDate "1983.09.07"]
[EventType "swiss"]
[EventRounds "9"]
[EventCountry "ENG"]
[SourceTitle "BritBase"]
[Source "John Saunders"]
[SourceDate "2020.09.07"]
[SourceVersion "1"]
[SourceVersionDate "2020.09.07"]
[SourceQuality "2"]

1. e4 c5 2. Nf3 g6 3. d4 Bg7 4. Nc3 cxd4 5. Nxd4 Nc6 6. Nb3 Nf6 7. Be2 O-O 8.
O-O d6 9. Bg5 a5 10. a4 Nb4 11. Kh1 Bd7 12. f4 Rc8 13. Bf3 Ng4 14. Bxg4 Bxg4
15. Qxg4 Nxc2 16. Nd5 f6 17. Rac1 Kf7 18. Qd1 fxg5 19. Rxc2 e6 20. fxg5+ Kg8
21. Rxc8 {Source: Bulletin 1983 & BCM, Nov 1983, p484} 1-0

[Event "Benedictine International 6th"]
[Site "Manchester"]
[Date "1983.09.12"]
[Round "6"]
[White "Kudrin, Sergey"]
[Black "Razuvaev, Yuri S"]
[Result "1/2-1/2"]
[WhiteElo "2510"]
[BlackElo "2525"]
[PlyCount "39"]
[EventDate "1983.09.07"]
[EventType "swiss"]
[EventRounds "9"]
[EventCountry "ENG"]
[SourceTitle "BritBase"]
[Source "John Saunders"]
[SourceDate "2020.09.07"]
[SourceVersion "1"]
[SourceVersionDate "2020.09.07"]
[SourceQuality "2"]

1. e4 c5 2. Nf3 e6 3. d4 cxd4 4. Nxd4 Nf6 5. Nc3 d6 6. g3 Nc6 7. Bg2 Bd7 8. O-O
Nxd4 9. Qxd4 Be7 10. e5 dxe5 11. Qxe5 Qc8 12. Nb5 O-O 13. Nd4 Nd5 14. Qe2 Bf6
15. Rd1 Ba4 16. Nb3 b5 17. c3 Qc4 18. Qe1 b4 19. Bf1 Qg4 20. Be2 {Source:
Bulletin 1983} 1/2-1/2

[Event "Benedictine International 6th"]
[Site "Manchester"]
[Date "1983.09.12"]
[Round "6"]
[White "Laird, Craig"]
[Black "Manouck, Thierry"]
[Result "0-1"]
[WhiteElo "2310"]
[BlackElo "2335"]
[PlyCount "44"]
[EventDate "1983.09.07"]
[EventType "swiss"]
[EventRounds "9"]
[EventCountry "ENG"]
[SourceTitle "BritBase"]
[Source "John Saunders"]
[SourceDate "2020.09.07"]
[SourceVersion "1"]
[SourceVersionDate "2020.09.07"]
[SourceQuality "2"]

1. d4 g6 2. Nf3 Bg7 3. g3 d6 4. Bg2 Nd7 5. e4 e5 6. O-O Ngf6 7. Re1 O-O 8. c3
Re8 9. b3 exd4 10. Nxd4 Nc5 11. f3 a5 12. Ba3 Nfd7 13. Nd2 Ne5 14. Qc2 Ned3 15.
Re3 Nb4 16. Qb1 Nd5 17. exd5 Rxe3 18. Bb2 Nd3 19. Nf1 Qe7 20. Ne6 Re2 21. Qxd3
Rxb2 22. Nxg7 Qe2 {Source: Bulletin 1983} 0-1

[Event "Benedictine International 6th"]
[Site "Manchester"]
[Date "1983.09.12"]
[Round "6"]
[White "Orr, Mark JL"]
[Black "Farrand, Tom"]
[Result "1-0"]
[WhiteElo "2260"]
[BlackElo "2205"]
[PlyCount "53"]
[EventDate "1983.09.07"]
[EventType "swiss"]
[EventRounds "9"]
[EventCountry "ENG"]
[SourceTitle "BritBase"]
[Source "John Saunders"]
[SourceDate "2020.09.07"]
[SourceVersion "1"]
[SourceVersionDate "2020.09.07"]
[SourceQuality "2"]

1. c4 b6 2. Nc3 Bb7 3. e4 e6 4. Nf3 Bb4 5. Bd3 Ne7 6. Qe2 Ng6 7. Bc2 Bxc3 8.
dxc3 d6 9. Bg5 Qc8 10. O-O-O Nd7 11. h4 h6 12. h5 Ngf8 13. Be3 Bc6 14. Nd4 Qb7
15. Nxc6 Qxc6 16. e5 Nxe5 17. Bd4 O-O-O 18. Bxe5 dxe5 19. Rxd8+ Kxd8 20. Rd1+
Ke7 21. Qxe5 f6 22. Qd4 Qe8 23. c5 e5 24. Qg4 g5 25. hxg6 Rg8 26. cxb6 axb6 27.
Qb4+ {Source: Bulletin 1983} 1-0

[Event "Benedictine International 6th"]
[Site "Manchester"]
[Date "1983.09.12"]
[Round "6"]
[White "Plaskett, H James"]
[Black "Kraidman, Yair"]
[Result "1-0"]
[WhiteElo "2425"]
[BlackElo "2410"]
[PlyCount "91"]
[EventDate "1983.09.07"]
[EventType "swiss"]
[EventRounds "9"]
[EventCountry "ENG"]
[SourceTitle "BritBase"]
[Source "John Saunders"]
[SourceDate "2020.09.07"]
[SourceVersion "1"]
[SourceVersionDate "2020.09.07"]
[SourceQuality "2"]

1. Nf3 Nf6 2. d4 e6 3. c4 c5 4. d5 exd5 5. cxd5 d6 6. e4 g6 7. Bf4 Bg7 8. Nc3
O-O 9. Be2 Bg4 10. O-O Re8 11. Nd2 Bxe2 12. Qxe2 Bf8 13. Bg5 Nbd7 14. f4 Qb8
15. Qf3 Bg7 16. a4 a6 17. Nc4 Nh5 18. g4 Bd4+ 19. Kh1 Ng7 20. f5 gxf5 21. gxf5
f6 22. Bh6 Re7 23. Qg3 Be5 24. Nxe5 Nxe5 25. Rg1 Qc7 26. Rg2 Rf8 27. Rag1 Rff7
28. Ne2 Qa5 29. Nf4 Kf8 30. Ne6+ Ke8 31. Nxg7+ Kd7 32. Ne6 Qxa4 33. Qg8 Re8 34.
Qg3 Qxe4 35. Rd1 Qxf5 36. Ng7 Rxg7 37. Qxg7+ Re7 38. Qg3 Qh5 39. Qb3 b5 40. Bf4
c4 41. Qc2 Nd3 42. Rxd3 Re1+ 43. Rg1 Rxg1+ 44. Kxg1 cxd3 45. Qc6+ Ke7 46. Bxd6+
{Source: Bulletin 1983} 1-0

[Event "Benedictine International 6th"]
[Site "Manchester"]
[Date "1983.09.12"]
[Round "6"]
[White "Ravikumar, Vaidyanathan"]
[Black "Arkell, Keith C"]
[Result "1-0"]
[WhiteElo "2390"]
[BlackElo "2310"]
[PlyCount "72"]
[EventDate "1983.09.07"]
[EventType "swiss"]
[EventRounds "9"]
[EventCountry "ENG"]
[SourceTitle "BritBase"]
[Source "John Saunders"]
[SourceDate "2020.09.07"]
[SourceVersion "1"]
[SourceVersionDate "2020.09.07"]
[SourceQuality "2"]

1. d4 Nf6 2. c4 e6 3. Nc3 Bb4 4. e3 Bxc3+ 5. bxc3 Nc6 6. Bd3 e5 7. c5 b6 8. Ba3
e4 9. Be2 Na5 10. Nh3 d6 11. cxd6 cxd6 12. Qa4+ Bd7 13. Qb4 Qc7 14. Rc1 Rd8 15.
Nf4 g5 16. Nh5 Nxh5 17. Bxh5 Nc4 18. Be2 Nxa3 19. Qxa3 Rg8 20. O-O g4 21. c4
Rg5 22. Rc2 Bc6 23. Rfc1 Qe7 24. Qb2 Qf6 25. Qb4 Qh6 26. g3 Rd7 27. a3 Rb7 28.
d5 Bd7 29. c5 dxc5 30. Qxe4+ Kf8 31. d6 Qxd6 32. Qxb7 Bc6 33. Qc8+ Ke7 34. Rd1
Rd5 35. Qxg4 f5 36. Qg5+ Kf8 {Source: Bulletin 1983} 1-0

[Event "Benedictine International 6th"]
[Site "Manchester"]
[Date "1983.09.12"]
[Round "6"]
[White "Shabtai, Ran"]
[Black "Jacobs, Byron A"]
[Result "0-1"]
[WhiteElo "2280"]
[BlackElo "2255"]
[PlyCount "80"]
[EventDate "1983.09.07"]
[EventType "swiss"]
[EventRounds "9"]
[EventCountry "ENG"]
[SourceTitle "BritBase"]
[Source "John Saunders"]
[SourceDate "2020.09.07"]
[SourceVersion "1"]
[SourceVersionDate "2020.09.07"]
[SourceQuality "2"]

1. e4 c5 2. Nf3 Nc6 3. Bb5 g6 4. O-O Bg7 5. c3 Nf6 6. Re1 O-O 7. d4 cxd4 8.
cxd4 d5 9. e5 Ne4 10. Nc3 Nxc3 11. bxc3 Bd7 12. Qb3 Bg4 13. Nd2 Rc8 14. Ba3 Qd7
15. Rab1 b6 16. Qa4 Rfe8 17. c4 Bh6 18. Rb2 dxc4 19. Nxc4 Be6 20. Rc2 Red8 21.
Nd6 exd6 22. Bxc6 Qe7 23. exd6 Qh4 24. d7 Rxc6 25. Qxc6 Bxd7 26. Qf3 Be6 27. g3
Qh3 28. Be7 Bd5 29. Re4 Re8 30. Rc7 Bf8 31. Qf4 Rxe7 32. Rcxe7 Bxe7 33. Qb8+
Bf8 34. f3 Bxe4 35. fxe4 Qe6 36. Qxa7 Qxe4 37. Qxb6 h5 38. Qb8 Qxd4+ 39. Kg2
Qd5+ 40. Kf2 Qxa2+ {Source: Bulletin 1983} 0-1

[Event "Benedictine International 6th"]
[Site "Manchester"]
[Date "1983.09.12"]
[Round "6"]
[White "Tarjan, James Edward"]
[Black "Hodgson, Julian M"]
[Result "1-0"]
[WhiteElo "2535"]
[BlackElo "2385"]
[PlyCount "34"]
[EventDate "1983.09.07"]
[EventType "swiss"]
[EventRounds "9"]
[EventCountry "ENG"]
[SourceTitle "BritBase"]
[Source "John Saunders"]
[SourceDate "2020.09.07"]
[SourceVersion "1"]
[SourceVersionDate "2020.09.07"]
[SourceQuality "2"]

1. d4 b5 2. e4 Bb7 3. Bd3 c5 4. c3 Nf6 5. Nd2 e6 6. Ngf3 Qb6 7. dxc5 Bxc5 8.
O-O O-O 9. e5 Nd5 10. Bxh7+ Kxh7 11. Ng5+ Kg6 12. Qg4 f5 13. Qh4 Nf6 14. exf6
Na6 15. fxg7 Kxg7 16. Qh7+ Kf6 17. Ndf3 Bxf3 {Source: Bulletin 1983 & BCM, Nov
1983, p484} 1-0

[Event "Benedictine International 6th"]
[Site "Manchester"]
[Date "1983.09.12"]
[Round "6"]
[White "Thipsay, Praveen Mahadeo"]
[Black "Short, Nigel D"]
[Result "1-0"]
[WhiteElo "2425"]
[BlackElo "2475"]
[PlyCount "67"]
[EventDate "1983.09.07"]
[EventType "swiss"]
[EventRounds "9"]
[EventCountry "ENG"]
[SourceTitle "BritBase"]
[Source "John Saunders"]
[SourceDate "2020.09.07"]
[SourceVersion "1"]
[SourceVersionDate "2020.09.07"]
[SourceQuality "2"]

1. e4 e6 2. d4 d5 3. e5 c5 4. c3 Nc6 5. Nf3 Nge7 6. Bd3 cxd4 7. cxd4 Nf5 8.
Bxf5 exf5 9. O-O Be6 10. Nc3 Be7 11. Be3 h6 12. Ne1 O-O 13. Nd3 Qd7 14. Re1
Rfd8 15. Qd2 Kh7 16. Ne2 b6 17. Ng3 Rg8 18. Nh5 Rac8 19. Rac1 a5 20. f3 Nb4 21.
a3 Nc6 22. h3 Na7 23. g4 Rxc1 24. Rxc1 Rc8 25. Rxc8 Qxc8 26. Ndf4 g5 27. Nxe6
fxe6 28. Qd3 b5 29. Ng3 Kg6 30. f4 Qd7 31. gxf5+ exf5 32. Qe2 gxf4 33. Qh5+ Kh7
34. Qf7+ {Source: Bulletin 1983} 1-0

[Event "Benedictine International 6th"]
[Site "Manchester"]
[Date "1983.09.12"]
[Round "6"]
[White "Tisdall, Jonathan D"]
[Black "Knox, Victor W"]
[Result "1-0"]
[WhiteElo "2420"]
[BlackElo "2320"]
[PlyCount "49"]
[EventDate "1983.09.07"]
[EventType "swiss"]
[EventRounds "9"]
[EventCountry "ENG"]
[SourceTitle "BritBase"]
[Source "John Saunders"]
[SourceDate "2020.09.07"]
[SourceVersion "1"]
[SourceVersionDate "2020.09.07"]
[SourceQuality "2"]

1. d4 d5 2. Nf3 Nf6 3. c4 c6 4. Nc3 e6 5. e3 Nbd7 6. Qc2 Bd6 7. b3 O-O 8. Bb2
Re8 9. Be2 b6 10. O-O Bb7 11. Rad1 Rc8 12. e4 dxe4 13. Nxe4 Nxe4 14. Qxe4 Qe7
15. Bd3 Nf8 16. Rfe1 c5 17. d5 f5 18. Qh4 Qf7 19. Qh3 exd5 20. cxd5 Rxe1+ 21.
Rxe1 Bxd5 22. Ng5 Re8 23. Nxf7 Rxe1+ 24. Bf1 Bxf7 25. Qc3 {Source: Bulletin
1983} 1-0